000 01138nam a2200301 i 4500
001 13078
003 KOSZ 005
005 20200630132827.0
008 071127s1970 pl a g 001 0 pol
015 _aPB 1971/1196
040 _aWA N
_cWA N
_dKOSZ 005/ID
041 1 _apol
_heng
080 _a159.9:301
100 1 _aNewcomb, Theodore Mead.
_eAutor
245 1 0 _aPsychologia społeczna :
_bstudium interakcji ludzkich /
_cTheodore M. Newcomb, Ralph H. Turner, Philip E. Converse ; tł. Heliodor Muszyński [et al.].
246 1 _iTyt. oryg.:
_aSocial psychology.
260 _a[Warszawa] :
_bPaństwowe Wydawnictwo Naukowe,
_c1970.
300 _a597, [2] s. :
_bil., err. ;
_c25 cm.
380 _aKsiążki.
504 _aIndeks.
650 4 _aPsychologia społeczna
700 1 _aTurner, Ralph H.
_eAutor
700 1 _aConverse, Philip E.
_eAutor
700 1 _aMuszyński, Heliodor
_d(1931- ).
_eTłumaczenie
710 2 _aPaństwowe Wydawnictwo Naukowe
_4pbl.
856 _uhttp://koha.tu.koszalin.pl/cgi-bin/koha/opac-detail.pl?biblionumber=13078
_yKatalog online BPK
942 _2UKD
_cKS
999 _c13078
_d13078